Deutsche Großstädte (2019) - Statistiken

Allgemein
  • Dieses Quiz wurde 1.296 mal gespielt
  • Das Durchschnittsergebnis liegt bei 65 aus 81
Antwortstatistiken
Rang Einwohnerzahl Stadt % Korrekt
1.) 3.644.829 Berlin
100%
2.) 1.841.179 Hamburg
99%
3.) 1.471.508 München
99%
5.) 753.059 Frankfurt am Main
98%
4.) 1.085.664 Köln
98%
6.) 634.830 Stuttgart
97%
12.) 554.649 Dresden
96%
11.) 569.352 Bremen
95%
9.) 587.010 Dortmund
95%
7.) 619.294 Düsseldorf
95%
28.) 247.548 Kiel
95%
8.) 587.857 Leipzig
95%
13.) 538.068 Hannover
94%
14.) 518.365 Nürnberg
94%
10.) 583.109 Essen
92%
36.) 217.118 Mainz
91%
37.) 213.699 Erfurt
90%
32.) 238.697 Magdeburg
89%
22.) 309.370 Mannheim
89%
44.) 178.089 Potsdam
89%
39.) 208.886 Rostock
89%
23.) 295.135 Augsburg
88%
19.) 327.258 Bonn
88%
21.) 313.092 Karlsruhe
88%
29.) 247.380 Aachen
87%
16.) 364.628 Bochum
87%
15.) 498.590 Duisburg
87%
33.) 230.241 Freiburg im Breisgau
87%
24.) 278.342 Wiesbaden
87%
26.) 260.654 Gelsenkirchen
86%
42.) 180.741 Saarbrücken
86%
18.) 333.786 Bielefeld
85%
30.) 247.237 Chemnitz
84%
73.) 111.407 Jena
84%
40.) 201.585 Kassel
83%
20.) 314.319 Münster
83%
17.) 354.382 Wuppertal
83%
27.) 248.292 Braunschweig
82%
31.) 239.257 Halle (Saale)
81%
50.) 160.355 Heidelberg
81%
48.) 164.748 Osnabrück
81%
55.) 152.610 Regensburg
81%
61.) 126.329 Ulm
81%
64.) 124.151 Wolfsburg
81%
49.) 163.838 Leverkusen
80%
35.) 217.198 Lübeck
80%
25.) 261.454 Mönchengladbach
80%
69.) 113.634 Bremerhaven
79%
59.) 127.880 Würzburg
79%
52.) 159.207 Darmstadt
78%
57.) 136.981 Ingolstadt
78%
68.) 114.024 Koblenz
78%
75.) 110.636 Trier
78%
47.) 168.210 Oldenburg
77%
60.) 127.748 Fürth
76%
45.) 171.061 Ludwigshafen am Rhein
76%
56.) 150.580 Paderborn
75%
65.) 119.801 Göttingen
73%
58.) 128.744 Offenbach am Main
73%
43.) 179.111 Hamm
71%
38.) 210.829 Oberhausen
71%
72.) 111.962 Erlangen
69%
34.) 227.020 Krefeld
69%
80.) 100.219 Cottbus
68%
62.) 125.960 Heilbronn
68%
51.) 159.360 Solingen
68%
41.) 188.814 Hagen
67%
63.) 125.542 Pforzheim
66%
53.) 156.374 Herne
64%
46.) 170.880 Mülheim a. d. Ruhr
64%
54.) 153.796 Neuss
64%
70.) 112.267 Recklinghausen
64%
66.) 117.383 Bottrop
62%
77.) 103.725 Moers
62%
71.) 111.966 Bergisch Gladbach
61%
74.) 110.994 Remscheid
60%
67.) 115.966 Reutlingen
60%
78.) 102.836 Siegen
59%
79.) 101.990 Hildesheim
52%
81.) 100.194 Gütersloh
51%
76.) 104.948 Salzgitter
51%
Keine übereinstimmenden Quizze gefunden
Verteilung der Resultate
Anzahl Personen mit jedem Resultat
Perzentil nach korrekt beantworteten Fragen
Ihre Resultats-Entwicklung
Sie haben dieses Quiz noch nicht gespielt